000 00457nam a2200181Ia 4500
001 9334
005 20260306161711.0
008 260306t2012||||xx |||||||||||||| ||spa||
041 _aESP
082 _a378.1012
_bC265
100 _aConsejo de Asuntos Contenciosos Universitarios
_eAUT
245 0 _aManual de procedimientos administrativos del CODACUN
260 _c2012
300 _a
_c
650 _aGEN
654 _aCED
942 _cLIB
_dJUS
_fJUS
_2ddc
_n
999 _c9334
_d9334